[Event "Moscow op-F 13th"]
[Site "Moscow"]
[Date "2017.01.28"]
[Round "2"]
[White "Mokshanov, Alexey"]
[Black "Kudenko, Alexander"]
[Result "1-0"]
[WhiteElo "2413"]
[BlackElo "2062"]
[PlyCount "71"]
[EventDate "2017.01.27"]
[EventType "swiss"]
[EventRounds "9"]
[EventCountry "RUS"]
[SourceTitle "CBM 176 Extra"]
[Source "ChessBase"]
[SourceDate "2017.03.02"]
[SourceVersion "1"]
[SourceVersionDate "2017.03.02"]
[SourceQuality "1"]

1. e4 c5 2. Nf3 e6 3. c3 Nf6 4. e5 Nd5 5. Bc4 d6 6. d4 cxd4 7. cxd4 Nc6 8. 0-0 Be7 9. Qe2 0-0 10. Re1 Na5 11. Bd3 Nb4 12. exd6 Qxd6 13. Be4 f5 14. Bd3 Nac6 15. Nc3 Nxd4 16. Nxd4 Qxd4 17. Bc4 Qf6 18. Bf4 Nc6 19. Rad1 Kh8 20. a3 a6 21. Ba2 Re8 22. Bc7 Bc5 23. Nd5 Qg6 24. Bb6 Bxb6 25. Nxb6 Rb8 26. Rd6 Qg5 27. Qc2 e5 28. g3 f4 29. Bb1 g6 30. Qc3 Bh3 31. Nc4 Rbc8 32. Be4 Nd4 33. Rxd4 exd4 34. Qxd4+ Kg8 35. Bd5+ Be6 36. Rxe6 1-0

[Event "Moscow Itkin Memorial"]
[Site "Moscow"]
[Date "2012.08.28"]
[Round "8"]
[White "Kudenko, Alexander"]
[Black "Budueva, Kristina"]
[Result "1-0"]
[WhiteElo "2030"]
[BlackElo "1952"]
[PlyCount "55"]
[EventDate "2012.08.12"]
[EventType "swiss"]
[EventRounds "9"]
[EventCountry "RUS"]
[SourceTitle "EXT 2022"]
[Source "ChessBase"]
[SourceDate "2021.10.06"]
[SourceVersion "1"]
[SourceVersionDate "2021.10.06"]
[SourceQuality "1"]

1. d4 Nf6 2. c4 e6 3. Nf3 b6 4. a3 Bb7 5. Nc3 d5 6. cxd5 Nxd5 7. e3 Be7 8. Bb5+ c6 9. Bd3 0-0 10. e4 Nxc3 11. bxc3 c5 12. 0-0 Nc6 13. Bb2 Rc8 14. d5 exd5 15. exd5 Na5 16. c4 Bf6 17. Bxf6 Qxf6 18. Qc2 h6 19. a4 Ba6 20. Nd2 Qf4 21. Ne4 Rcd8 22. Rac1 Rfe8 23. Ng3 Re5 24. Rfd1 h5 25. Qc3 Rde8 26. Nf1 R8e7 27. Ne3 g6 28. d6 1-0

[Event "Moscow Itkin Memorial"]
[Site "Moscow"]
[Date "2012.08.21"]
[Round "5"]
[White "Spichkin, Alexander"]
[Black "Kudenko, Alexander"]
[Result "1-0"]
[WhiteElo "2242"]
[BlackElo "2030"]
[PlyCount "77"]
[EventDate "2012.08.12"]
[EventType "swiss"]
[EventRounds "9"]
[EventCountry "RUS"]
[SourceTitle "EXT 2022"]
[Source "ChessBase"]
[SourceDate "2021.10.06"]
[SourceVersion "1"]
[SourceVersionDate "2021.10.06"]
[SourceQuality "1"]

1. f4 Nf6 2. Nf3 g6 3. e3 Bg7 4. d3 0-0 5. Be2 d6 6. 0-0 c5 7. Qe1 Nc6 8. c3 e5 9. e4 Qc7 10. Qh4 d5 11. Na3 c4 12. fxe5 Nxe5 13. Nxe5 Qxe5 14. Bf4 Qe6 15. Bg5 cxd3 16. Rxf6 Bxf6 17. Bxf6 dxe2 18. Re1 dxe4 19. Nb5 Qc6 20. Nc7 Rb8 21. Nd5 Qc5+ 22. Kh1 h5 23. Qf4 Kh7 24. Be7 Qxd5 25. Bxf8 Kg8 26. Qxb8 Qd1 27. Qg3 Kxf8 28. Qf2 Bg4 29. h3 e3 30. Qg1 Qd8 31. Qxe3 Qh4 32. Rc1 g5 33. Kg1 Bf3 34. Qf2 Qf4 35. Re1 g4 36. Rxe2 Qg5 37. h4 g3 38. Qxf3 Qxh4 39. Re1 1-0

[Event "RUS-ch U16"]
[Site "Dagomys"]
[Date "2009.04.22"]
[Round "8"]
[White "Kudenko, Alexander"]
[Black "Markevich, Arseniy"]
[Result "1/2-1/2"]
[WhiteElo "1959"]
[BlackElo "2096"]
[PlyCount "87"]
[EventDate "2009.04.15"]
[EventType "swiss"]
[EventRounds "9"]
[EventCountry "RUS"]
[SourceTitle "CBM 130 Extra"]
[Source "ChessBase"]
[SourceDate "2009.07.02"]
[SourceVersion "2"]
[SourceVersionDate "2009.07.15"]
[SourceQuality "1"]

1. d4 d5 2. Nf3 Bg4 3. Ne5 Bf5 4. c4 f6 5. Nf3 e6 6. Qb3 Nc6 7. Bf4 g5 8. Be3 Bxb1 9. Rxb1 Bb4+ 10. Bd2 Bxd2+ 11. Nxd2 Nxd4 12. Qxb7 Ne7 13. e3 Ndf5 14. cxd5 Qxd5 15. Qxd5 exd5 16. Rc1 Kd7 17. Bd3 Nd6 18. Nb3 c6 19. Nc5+ Kc7 20. Kd2 Nb7 21. b4 h6 22. b5 Nxc5 23. Rxc5 Kd6 24. Rhc1 cxb5 25. Bxb5 Rhc8 26. Rxc8 Rxc8 27. Rxc8 Nxc8 28. Kc3 Kc5 29. Bd7 Ne7 30. f3 Nc6 31. Bxc6 Kxc6 32. Kd4 a5 33. h3 h5 34. g4 h4 35. f4 f5 36. fxg5 fxg4 37. g6 gxh3 38. g7 h2 39. g8Q h1Q 40. Qe8+ Kd6 41. Qe5+ Kd7 42. Qg7+ Kc6 43. Qg6+ Kb5 44. Qe8+ 1/2-1/2

[Event "RUS-ch U16"]
[Site "Dagomys"]
[Date "2009.04.19"]
[Round "5"]
[White "Kubatko, Ivan"]
[Black "Kudenko, Alexander"]
[Result "1-0"]
[WhiteElo "2119"]
[BlackElo "1959"]
[PlyCount "47"]
[EventDate "2009.04.15"]
[EventType "swiss"]
[EventRounds "9"]
[EventCountry "RUS"]
[SourceTitle "CBM 130 Extra"]
[Source "ChessBase"]
[SourceDate "2009.07.02"]
[SourceVersion "2"]
[SourceVersionDate "2009.07.15"]
[SourceQuality "1"]

1. e4 e6 2. d4 d5 3. exd5 exd5 4. Nf3 Nf6 5. c4 Bb4+ 6. Nc3 Qe7+ 7. Be2 Ne4 8. Bd2 Nxd2 9. Nxd2 dxc4 10. 0-0 0-0 11. Bxc4 c6 12. Re1 Qf6 13. Nde4 Qf4 14. Re3 b5 15. Nxb5 cxb5 16. Bd5 Bg4 17. Qb3 Na6 18. h3 Bh5 19. Bxa8 Rxa8 20. Qd5 Rc8 21. Qxh5 Rc2 22. Rf3 Qc7 23. Qxb5 g6 24. Nf6+ 1-0

[Event "Moscow Petrosian Memorial U18"]
[Site "Moscow"]
[Date "2008.01.??"]
[Round "1"]
[White "Kudenko, Alexander"]
[Black "Pasiev, Rakhim"]
[Result "0-1"]
[WhiteElo "1910"]
[BlackElo "2137"]
[PlyCount "100"]
[EventDate "2008.01.??"]
[EventType "swiss"]
[EventRounds "9"]
[EventCountry "RUS"]
[SourceTitle "CBM 122 Extra"]
[Source "ChessBase"]
[SourceDate "2008.03.04"]
[SourceVersion "1"]
[SourceVersionDate "2008.03.04"]
[SourceQuality "1"]

1. e4 c5 2. Nf3 Nc6 3. Nc3 e5 4. Bc4 d6 5. 0-0 Be7 6. d3 Nf6 7. h3 0-0 8. Nd5 Nxd5 9. Bxd5 Kh8 10. Nh2 f5 11. f4 Qb6 12. Qh5 Nb4 13. Bf7 d5 14. exf5 Qf6 15. Bg6 Qh4 16. Qxh4 Bxh4 17. Nf3 Bf6 18. fxe5 Bd8 19. Bh5 Nxc2 20. Rb1 Bxf5 21. Ng5 Nd4 22. g4 Bxg5 23. gxf5 Be7 24. Bg4 h5 25. Bxh5 Nxf5 26. e6 Nd6 27. Bf4 g6 28. Bxg6 Kg7 29. Bh5 Ne8 30. Kh2 Rxf4 31. Rxf4 Bd6 32. Rbf1 Nf6 33. Bf7 Kf8 34. Kg2 Bxf4 35. Rxf4 Ke7 36. h4 b5 37. b3 Rc8 38. Kf2 c4 39. dxc4 bxc4 40. bxc4 dxc4 41. Ke2 Nd5 42. Rd4 Rc5 43. Kd2 c3+ 44. Kc2 Rb5 45. a4 Rb2+ 46. Kc1 Nb4 47. Rd7+ Kf6 48. e7 Kxf7 49. Rc7 Nd3+ 50. Kd1 Rd2# 0-1

[Event "Moscow Petrosian Memorial U18"]
[Site "Moscow"]
[Date "2007.01.??"]
[Round "9"]
[White "Kudenko, Alexander"]
[Black "Kupriiyski, Borislav"]
[Result "1/2-1/2"]
[WhiteElo "1933"]
[BlackElo "1911"]
[PlyCount "56"]
[EventDate "2007.01.??"]
[EventType "swiss"]
[EventRounds "9"]
[EventCountry "RUS"]
[SourceTitle "EXT 2008"]
[Source "ChessBase"]
[SourceDate "2007.11.25"]
[SourceVersion "1"]
[SourceVersionDate "2007.11.25"]
[SourceQuality "1"]

1. e4 c5 2. Nf3 d6 3. d4 cxd4 4. Nxd4 Nf6 5. Nc3 e6 6. g4 Be7 7. g5 Nfd7 8. h4 Nc6 9. Be3 0-0 10. Qd2 a6 11. f4 Nxd4 12. Bxd4 b5 13. 0-0-0 Bb7 14. Bd3 Nc5 15. Qe3 b4 16. Ne2 Qc7 17. Kb1 Rfc8 18. Ng3 e5 19. Bxc5 exf4 20. Qxf4 dxc5 21. Qf2 c4 22. Be2 b3 23. Rhf1 bxc2+ 24. Kxc2 f6 25. Qe3 a5 26. Bg4 Rd8 27. Be6+ Kh8 28. Bd5 Bc5 1/2-1/2